Die Kunstsammlungen des Hauses Lobkowicz

Titel: Die Kunstsammlungen des Hauses Lobkowicz / Die Kunstsammlungen des Hauses Lobkowicz in Zusammenarbeit mit Scala Publishers. Übersetzung von Ingrid Preis-Gschössel
Beteiligt:
Veröffentlicht: London : Scala Publishers, [2007?]
Umfang: 64 Seiten : Illustrationen
Format: Buch
Sprache: Deutsch
Schlagworte:
ISBN: 9781857595253
Buchumschlag
X
alg: 42682625
001A    $03004:01-03-18 
001B    $01999:06-03-18 $t11:37:27.000 
001C    $03004:01-03-18 $t13:53:51.000 
001D    $03004:01-03-18 
001U    $0utf8 
001X    $00 
002@    $0Aau 
002C    $aText $btxt $2rdacontent 
002D    $aohne Hilfsmittel zu benutzen $bn $2rdamedia 
002E    $aBand $bnc $2rdacarrier 
003@    $0426826256 
003O    $01027471934 $aOCoLC 
004A    $A978-1-85759-525-3 
007A    $0426826256 $aHEB 
007G    $0DE0207E0CEA983E5EC79BC1258247004EFE39 
009P    $qapplication/pdf $A2 $3Inhaltsverzeichnis $uhttp://scans.hebis.de/HEBCGI/show.pl?42682625_toc.pdf $mV:DE-603;B:DE-Mb50 
010@    $ager 
010E    $erda 
011@    $a2007 $n[2007?] 
011F    $n© 2007 
013D    $RAdressbuch $RVerzeichnis $#Handbooks, vade-mecums, etc. $#Guides pratiques $#Stadtführer $#Reiseführer Formschlagwort $74155569-7 $8Führer [Ts1] $9085661619 
021A    $aDie @Kunstsammlungen des Hauses Lobkowicz $hDie Kunstsammlungen des Hauses Lobkowicz in Zusammenarbeit mit Scala Publishers. Übersetzung von Ingrid Preis-Gschössel 
028C    $BÜbersetzer $4trl $7 $8Price-Gschlössl, Ingrid [Tnx] $9166822469 
033A    $pLondon $nScala Publishers 
034D    $a64 Seiten 
034M    $aIllustrationen 
044K    $#Lobkowicz  $7119531402 $8$PLobkowitz$lFamilie [Tp1] $9087871009 
044K    $RKünste $RKunstwerk $#Art $#Art $#Arte $#Arte $#arts $#Art $#Bildende Kunst $#Kunst $#Bildende Kunst $#Kunstdenkmal Kunst $74114333-4 $8Kunst [Tsz] $9085341703 
044K    $RMuseum $#Sammlungen $74128844-0 $8Sammlung [Ts1] $9085448907 

lok: 42682625 24

exp: 42682625 24 1 #EPN
201B/01 $001-03-18 $t14:33:56.000 
201C/01 $001-03-18 
201U/01 $0utf8 
203@/01 $01018690220 
208@/01 $a01-03-18 $bz 
209A/01 $a18.01275 $du $f050 $h18 01275 $x00 
209C/01 $a18.01275 G $h18 01275 G 
209G/01 $a73750695 $x00 
220C/01 $ahae 
247C/01 $8358050-7 Marburg, Bibliothek des Herder-Instituts Marburg $9102600961 

lok: 42682625 78

exp: 42682625 78 1 #EPN
201B/01 $001-02-23 $t14:19:13.000 
201C/01 $001-02-23 
201U/01 $0utf8 
203@/01 $01225755263 
208@/01 $a01-02-23 $be 
209A/01 $a/ $f000 $x00 
209A/01 $ab*p $x01 
220C/01 $apgar 
244Z/01 $#Böhmische Kronländer $#Länder der Böhmischen Krone $#Sudetenland $#Böhmen $#Mähren $#Mährisch-Schlesien $#Österreichisch-Schlesien $#Tschechische Sozialistische Republik Böhmische Länder $#Tschechei Böhmische Länder $#Země koruny české $74069573-6 $8--Tg1--Böhmische Länder $x01 $9085195553 
247C/01 $82080>Marburg/Lahn, Herder-Institut, Forschungsbibliothek, Bibliographieportal $9336309341
LEADER 00000cam a2200000 c 4500
001 426826256
003 DE-603
005 20180306113727.0
007 tu
008 180301s2007 xx |||| | u00||u|ger c
020 |a 9781857595253 
035 |a (DE-599)HEB426826256 
035 |a (OCoLC)1027471934 
040 |a DE-603  |b ger  |c DE-603  |d DE-603  |e rda 
041 |a ger 
245 0 0 |a ˜Dieœ Kunstsammlungen des Hauses Lobkowicz  |c Die Kunstsammlungen des Hauses Lobkowicz in Zusammenarbeit mit Scala Publishers. Übersetzung von Ingrid Preis-Gschössel 
264 1 |a London  |b Scala Publishers  |c [2007?] 
264 4 |c © 2007 
300 |a 64 Seiten  |b Illustrationen 
336 |a Text  |b txt  |2 rdacontent 
337 |a ohne Hilfsmittel zu benutzen  |b n  |2 rdamedia 
338 |a Band  |b nc  |2 rdacarrier 
600 3 7 |a Lobkowitz  |c Familie  |0 (DE-588)119531402  |0 (DE-603)087871009  |2 gnd 
650 7 |a Kunst  |0 (DE-588)4114333-4  |0 (DE-603)085341703  |2 gnd 
650 7 |a Sammlung  |0 (DE-588)4128844-0  |0 (DE-603)085448907  |2 gnd 
655 7 |a Führer  |2 gnd-content  |0 (DE-588)4155569-7  |0 (DE-603)085661619 
700 1 |a Price-Gschlössl, Ingrid  |e Übersetzer  |4 trl  |0 (DE-603)166822469 
856 4 2 |m V:DE-603;B:DE-Mb50  |q application/pdf  |u http://scans.hebis.de/HEBCGI/show.pl?42682625_toc.pdf  |3 Inhaltsverzeichnis 
924 0 |9 Mb 50  |a (DE-603)1018690220  |b DE-Mb50  |c HES  |d c  |g 18.01275 
924 0 |9 2080  |a (DE-603)1225755263  |b DE-2080  |c HES  |d d  |g /